[Event "Wch U20 Girls Rapid"]
[Site "Pula"]
[Date "2023.10.12"]
[Round "9"]
[White "Vanduyfhuys, Daria"]
[Black "Djerroud, Chahrazed"]
[Result "1-0"]
[WhiteElo "2088"]
[BlackElo "1654"]
[PlyCount "35"]
[EventDate "2023.10.10"]
[EventType "swiss (rapid)"]
[EventRounds "11"]
[EventCountry "ITA"]
[SourceTitle "Mega2024 Update 01"]
[Source "Chessbase"]
[SourceDate "2023.11.12"]
[SourceVersion "1"]
[SourceVersionDate "2023.11.12"]
[SourceQuality "1"]

1. d4 Nf6 2. c4 g6 3. Nc3 Bg7 4. e4 d6 5. h3 0-0 6. Be3 e5 7. d5 a5 8. g4 Na6 9. Nge2 h5 10. f3 Nd7 11. gxh5 gxh5 12. Rg1 f6 13. Ng3 Kf7 14. Nf5 Rg8 15. f4 Ndc5 16. Qxh5+ Kf8 17. Nxg7 Rxg7 18. Qh8+ 1-0

[Event "Wch U20 Girls Rapid"]
[Site "Pula"]
[Date "2023.10.11"]
[Round "4"]
[White "Djerroud, Chahrazed"]
[Black "Kurmangaliyeva, Liya"]
[Result "0-1"]
[WhiteElo "1654"]
[BlackElo "2236"]
[PlyCount "114"]
[EventDate "2023.10.10"]
[EventType "swiss (rapid)"]
[EventRounds "11"]
[EventCountry "ITA"]
[SourceTitle "Mega2024 Update 01"]
[Source "Chessbase"]
[SourceDate "2023.11.12"]
[SourceVersion "1"]
[SourceVersionDate "2023.11.12"]
[SourceQuality "1"]

1. e4 c5 2. Nf3 e6 3. d4 cxd4 4. Nxd4 Nc6 5. Nc3 a6 6. a3 Qc7 7. Be2 Nf6 8. 0-0 Be7 9. Kh1 d6 10. Be3 Nxd4 11. Qxd4 0-0 12. Rad1 b5 13. f4 Bb7 14. Bf3 Rac8 15. Qb6 Qxb6 16. Bxb6 e5 17. f5 Rc4 18. Rfe1 Rfc8 19. g4 h6 20. h4 Nd7 21. Bf2 b4 22. Be2 bxc3 23. Bxc4 Rxc4 24. b3 Rxe4 25. Kh2 Rxg4 26. Rg1 Rf4 27. Bg3 Re4 28. Rge1 Nf6 29. Rd3 Rxe1 30. Bxe1 Ne4 31. Bxc3 Bxh4 32. Re3 Bg5 33. Rd3 Bf4+ 34. Kg1 d5 35. Be1 d4 36. a4 Nd6 37. c3 Be4 38. Rd1 Bc2 39. Ra1 d3 40. b4 d2 41. Bxd2 Bxd2 42. Ra2 Be3+ 43. Kf1 Bd3+ 44. Kg2 Bc4 45. Ra1 Nxf5 46. Kf3 Bd3 47. b5 axb5 48. axb5 e4+ 49. Kg2 Bxb5 50. Ra5 Nd6 51. Ra8+ Kh7 52. Rd8 Bf4 53. Kf2 Kg6 54. Rb8 Kf6 55. Rb6 Ke6 56. Rb8 e3+ 57. Kf3 e2 0-1

[Event "Africa-ch U20 Girls"]
[Site "Bejaia"]
[Date "2022.11.19"]
[Round "9"]
[White "Nassr, Ryma"]
[Black "Djerroud, Chahrazed"]
[Result "1-0"]
[WhiteElo "1678"]
[BlackElo "1689"]
[PlyCount "26"]
[EventDate "2022.11.13"]
[EventType "swiss"]
[EventRounds "9"]
[EventCountry "ALG"]
[SourceTitle "CBM 211 Extra"]
[Source "ChessBase"]
[SourceDate "2023.01.31"]
[SourceVersion "1"]
[SourceVersionDate "2023.01.31"]
[SourceQuality "1"]

1. d4 d5 2. c4 c6 3. Nc3 Nf6 4. Nf3 Bf5 5. cxd5 Nxd5 6. Qb3 Qb6 7. Nxd5 Qxb3 8. Nf6+ gxf6 9. axb3 Bc2 10. Bd2 Bxb3 11. e4 Bc2 12. Bb4 Nd7 13. e5 fxe5 1-0

[Event "Africa-ch U14 Girls"]
[Site "Windhoek"]
[Date "2019.12.20"]
[Round "7.2"]
[White "Djerroud, Chahrazed"]
[Black "Joubert, Natasha"]
[Result "1-0"]
[WhiteElo "1558"]
[BlackElo "1189"]
[PlyCount "62"]
[EventDate "2019.12.16"]
[EventType "swiss"]
[EventRounds "9"]
[EventCountry "NAM"]
[SourceTitle "EXT 2024"]
[Source "ChessBase"]
[SourceDate "2023.10.10"]
[SourceVersion "1"]
[SourceVersionDate "2023.10.10"]
[SourceQuality "1"]

1. e4 c5 2. Nf3 e6 3. d4 cxd4 4. Nxd4 a6 5. c4 Qc7 6. Nc3 Nf6 7. a3 Nc6 8. Nxc6 dxc6 9. Be3 Bd6 10. Qf3 Be5 11. Rc1 c5 12. Bd3 h5 13. h3 0-0 14. 0-0 Rd8 15. Bd2 Qd6 16. Bc2 b6 17. Rcd1 Qc7 18. Na4 Bb7 19. Bc3 b5 20. Bxe5 Qxe5 21. Qc3 Qc7 22. cxb5 c4 23. Rxd8+ Rxd8 24. bxa6 Bxa6 25. Qe3 Rb8 26. Qc5 Qf4 27. Qe3 Qxe3 28. fxe3 Bb5 29. Nc5 Bc6 30. Na4 Nxe4 31. Bxe4 Bxe4 1-0

[Event "Africa-ch U14 Girls"]
[Site "Windhoek"]
[Date "2019.12.16"]
[Round "2.5"]
[White "Djerroud, Chahrazed"]
[Black "Horn, Lure"]
[Result "1-0"]
[WhiteElo "1558"]
[BlackElo "1063"]
[PlyCount "95"]
[EventDate "2019.12.16"]
[EventType "swiss"]
[EventRounds "9"]
[EventCountry "NAM"]
[SourceTitle "EXT 2024"]
[Source "ChessBase"]
[SourceDate "2023.10.10"]
[SourceVersion "1"]
[SourceVersionDate "2023.10.10"]
[SourceQuality "1"]

1. e4 c5 2. Nf3 g6 3. d4 cxd4 4. Nxd4 Bg7 5. Be3 Nc6 6. Be2 Nf6 7. Nc3 d5 8. exd5 Nxd5 9. Nxd5 Qxd5 10. Bf3 Qd6 11. Nxc6 Qxd1+ 12. Rxd1 0-0 13. Nxe7+ Kh8 14. Nxc8 Raxc8 15. c3 Rfe8 16. 0-0 b6 17. Rd7 Ra8 18. Bxa8 Rxa8 19. Rfd1 h6 20. Rd8+ Rxd8 21. Rxd8+ Kh7 22. Bd4 f6 23. Rd7 Kg8 24. Rxa7 h5 25. Bxb6 Kh7 26. Rxg7+ Kxg7 27. a4 Kf7 28. a5 Ke7 29. a6 Kd7 30. a7 Kc6 31. a8Q+ Kxb6 32. Qd5 f5 33. Kf1 f4 34. Ke2 g5 35. Kd3 g4 36. Qd6+ Kb5 37. Qc7 h4 38. Qb7+ Kc5 39. b4+ Kd6 40. Kd4 f3 41. Qb6+ Kd7 42. g3 hxg3 43. hxg3 Ke7 44. Ke5 Kf7 45. Qf6+ Kg8 46. Qe7 Kh8 47. Kf6 Kg8 48. Qg7# 1-0

[Event "World ol U16"]
[Site "Konya"]
[Date "2018.12.01"]
[Round "8.23"]
[White "Johannsson, Birkir Isak"]
[Black "Djerroud, Chahrazed"]
[Result "1-0"]
[WhiteElo "1949"]
[BlackElo "1389"]
[PlyCount "93"]
[EventDate "2018.11.25"]
[EventType "team-swiss"]
[EventRounds "9"]
[EventCountry "TUR"]
[SourceTitle "CBM 187 Extra"]
[Source "ChessBase"]
[SourceDate "2018.11.04"]
[SourceVersion "1"]
[SourceVersionDate "2018.11.04"]
[SourceQuality "1"]
[WhiteTeam "Iceland"]
[BlackTeam "Algeria II"]
[WhiteTeamCountry "ISL"]
[BlackTeamCountry "ALG"]

1. d4 d5 2. c4 c6 3. Nf3 Nf6 4. e3 Bf5 5. Nc3 e6 6. Nh4 Bg6 7. Nxg6 hxg6 8. g3 Nbd7 9. Qe2 Nb6 10. b3 Bb4 11. Bd2 Nbd7 12. Bg2 Qa5 13. Rc1 Qc7 14. cxd5 Bxc3 15. Bxc3 exd5 16. 0-0 0-0 17. b4 Rfe8 18. b5 Ne4 19. bxc6 Qxc6 20. Ba5 Qa4 21. Bc7 Rac8 22. Qb2 b6 23. Rfd1 Qa6 24. Rc2 Qb7 25. Rdc1 Nf8 26. f3 Nf6 27. Kf2 Ne6 28. Be5 Nd7 29. Bd6 Nf6 30. Bf1 Red8 31. Be5 Nd7 32. Bd6 Nf6 33. Ba3 a6 34. Bb4 Rxc2+ 35. Qxc2 b5 36. Qc6 Qa7 37. Bc5 Nxc5 38. Qxc5 Qb7 39. Qc7 Qxc7 40. Rxc7 Ra8 41. Bd3 Ne8 42. Rc5 Nf6 43. Bc2 Rd8 44. Rc6 Ra8 45. Bb3 Kf8 46. h4 Ke7 47. g4 1-0

[Event "World ol U16"]
[Site "Konya"]
[Date "2018.11.27"]
[Round "4.20"]
[White "Moran, Hugh"]
[Black "Djerroud, Chahrazed"]
[Result "1-0"]
[WhiteElo "1498"]
[BlackElo "1389"]
[PlyCount "39"]
[EventDate "2018.11.25"]
[EventType "team-swiss"]
[EventRounds "9"]
[EventCountry "TUR"]
[SourceTitle "CBM 187 Extra"]
[Source "ChessBase"]
[SourceDate "2018.11.04"]
[SourceVersion "1"]
[SourceVersionDate "2018.11.04"]
[SourceQuality "1"]
[WhiteTeam "Ireland"]
[BlackTeam "Algeria II"]
[WhiteTeamCountry "IRL"]
[BlackTeamCountry "ALG"]

1. e4 e5 2. Nf3 Nc6 3. Bc4 Bc5 4. b4 Bxb4 5. c3 Ba5 6. d4 exd4 7. 0-0 Nf6 8. Ba3 d6 9. e5 d5 10. exf6 dxc4 11. fxg7 Rg8 12. Nxd4 Nxd4 13. cxd4 Be6 14. Qh5 Qxd4 15. Qxa5 Qxg7 16. g3 Qxa1 17. Qb5+ Kd8 18. Qxb7 Rc8 19. Rd1+ Bd7 20. Qc6 1-0